000 00443nam a2200181Ia 4500
001 1202
005 20260306140614.0
008 260306t1992||||xx |||||||||||||| ||spa||
041 _aESP
082 _a189.04
_bA82
100 _aAsociación Católica Peruana de Filosofía
_eAUT
245 0 _aFilosofía cristiana y desarrollo del hombre
260 _c1992
300 _a
_c
650 _aGEN
654 _aCHU
942 _cLIB
_dJUS
_fJUS
_2ddc
_n
999 _c1202
_d1202